000 00659nam a2200241 i 4500
001 14197
003 ES-MaACL
005 20230906150737.0
007 t|
008 890509s1987 sp ||||0| spa j ..|
015 _a1989-MAY-11855
016 7 _zSAB9000049796
020 _a84-85708-30-X
040 _aM-BN-DP
_bspa
_cM-BN-DP
080 _a323.174(462.12)
245 0 0 _aManifiesto de la comuna antinacionalista zamorana.
250 _a[5ª ed.].
260 _aMadrid :
_bLucina,
_c1987.
300 _a60 p. ;
_c19 cm.
500 _a1ª ed.: Paris, 1970.
650 4 _aRegionalismo-
_zZamora.
_9137593
852 _aES-MaACL
_j2153-F-7
_bR.126749
999 _c14197
_d14197